000 00665nam a2200229Ia 4500
005 20241129104255.0
008 241129s9999||||xx |||||||||||||| ||und||
020 _a9780691197227
037 _aTextual
040 _aRTL
_beng
_cRTL
041 _aeng
_2eng
084 _aY15:3(S5) Q8
_qRTL
100 _aScott Joan Wallach
245 0 _aSex and secularism
_cScott Joan Wallach
260 _aPrinceton
_bPrinceton University Press
_c2018
300 _axvi,235p.
365 _aINR
_bRs.1749.12
490 _aPublic Square Book Series
650 _aWomen- Social Conditions
_917365
942 _cTB
_hY15:3(S5) Q8
999 _c1225170
_d1225170